| 000 | 00479nam a2200157Ia 4500 | ||
|---|---|---|---|
| 008 | 230907s9999||||xx |||||||||||||| ||und|| | ||
| 082 |
_a621.042 _bIMR |
||
| 100 |
_aImran Qamar Butt (00000277154) _9116563 |
||
| 245 | 0 | _aPassive Islanding Detection using Square Law Method / | |
| 260 |
_aUSPCAS-E, NUST, _bIslamabad : _c2021 |
||
| 300 | _axiii, 78 p. | ||
| 520 | _aTH-263 | ||
| 650 | _aMS-EEP Thesis MS Thesis | ||
| 700 |
_aDr Syed Ali Abbas Kazmi _9117439 |
||
| 942 |
_cTHE _2ddc |
||
| 999 |
_c601941 _d601941 |
||